Normal view MARC view
  • CHOPADE, DR. VITTHAL VISHRAM AND YADAV, SATENDRA SINGH

Entry Personal Name

Number of records used in: 1

001 - CONTROL NUMBER

  • control field: 8517

003 - CONTROL NUMBER IDENTIFIER

  • control field: JRU

005 - DATE AND TIME OF LATEST TRANSACTION

  • control field: 20240918114027.0

008 - FIXED-LENGTH DATA ELEMENTS

  • fixed length control field: 240918|| aca||aabn | a|a d

040 ## - CATALOGING SOURCE

  • Original cataloging agency: JRU
  • Transcribing agency: JRU

100 ## - HEADING--PERSONAL NAME

  • Personal name: CHOPADE, DR. VITTHAL VISHRAM AND YADAV, SATENDRA SINGH

670 ## - SOURCE DATA FOUND

  • Source citation: Work cat.: (JRU)8645: CHOPADE, DR. VITTHAL VISHRAM AND YADAV, SATENDRA SINGH, PHARMACEUTICAL ANALYSIS [ B.PHARMA 1 ST SEMESTER]